000
00288 a2200121 4500
001
146469
040
_c
Escola São Tomás de Aquino
100
_a
PIMENTA, Marcus Aurelius
240
1
0
_a
Terra Papagalli
_l
por
245
1
0
_a
Terra Papagalli
697
_a
LITERATURA BRASILEIRA
942
_c
BK
999
_c
146469
_d
146469